| 000 | 00702nam a22002657a 4500 | ||
|---|---|---|---|
| 005 | 20231013151808.0 | ||
| 008 | 170403b xxu||||| |||| 00| 0 spa d | ||
| 020 | _a9788499673028 | ||
| 041 | _aspa | ||
| 082 | _a970.015 G633b | ||
| 100 |
_aGómez Gómez, Juan Ramón _941807 |
||
| 245 | _aBreve historia de Cristóbal Colón | ||
| 260 | _aEspaña | ||
| 260 | _bNowtilus | ||
| 260 | _c2012 | ||
| 300 | _a288 páginas | ||
| 650 | _aCRISTÓBAL COLÓN | ||
| 650 | _aHISTORIA | ||
| 650 | _aESPAÑA | ||
| 650 | _aJUVENTUD | ||
| 650 | _aDESCUBRIMIENTOS Y EXPLORACIONES | ||
| 650 | _aPROGRESOS TECNOLÓGICOS | ||
| 650 | _aLEYENDAS | ||
| 942 |
_cLIT _2ddc |
||
| 999 |
_c9193 _d9193 |
||